000 01529nam0a2200385 4500
001 RU\NLR\bibl\112647
005 20250617092838.0
010 _a5-88721-155-5
_91060
021 _aRU
_b2000-22491
_91065
035 _a(NLR Aleph) 000110269
090 _a625322
_c625322
100 _a20001012d2000 |||y0rusy50 ca
101 0 _arus
_afre
102 _aRU
105 _ay |||||||||
200 1 _aФранцузско-русский медицинский словарь
_dDictionnaire de la médecine français-russe
_eОк. 56000 терминов
_f[Д.м.н. Э.И. Борзяк и др.
_gСпец. науч. ред.: к.м.н. В.П. Захаров]
_zfre
205 _a2-е изд., испр.
210 _aМ.
_cРУССО
_d2000
215 _a669,[1] с.
_d25
510 0 _aDictionnaire de la médecine français-russe
_zfre
606 0 _aФранцузский язык
_xТерминология медицинская
_xСловари
_xРусский язык
_91886855
_3RU\NLR\auth\661148167
606 0 _aМедицина
_jСловари
_9892737
_3RU\NLR\auth\662895
686 _aР.я21
686 _aШ147.11-434.1
686 _aШ141.12-434.2
702 1 _aБорзяк
_bЭ. И.
_gЭдуард Иванович
_4220
702 1 _aЗахаров
_bВ. П.
_4340
801 0 _aRU
_bNLR
_c20001012
_gPSBO
801 1 _aRU
_bNLR
_c20001012
830 _aсост. по кн.
852 _aNLR
_jС К-3/686
942 _cBOOK
980 _aNB